| 000 | 00715nam a22002297a 4500 | ||
|---|---|---|---|
| 999 |
_c14813 _d14813 |
||
| 003 | AR-CdUCM | ||
| 008 | 190424b ||||| |||| 00| 0 spa d | ||
| 020 | _a978-612-4026-80-5 | ||
| 040 |
_aMUNICIPALIDAD PROVINCIAL DEL CUSCO _cBIBLIOTECA MUNICIPAL DEL CUSCO |
||
| 082 |
_aPI / 808.06 / _bV23 |
||
| 100 |
_aSoto de los Reyes, Raquel _933719 |
||
| 245 | _aCorongo el caballito de paso / | ||
| 260 |
_aLima : _bDidáctica, _c2012. |
||
| 300 |
_c17 cm. _bIlustración, |
||
| 440 |
_aColección Perú patas _933720 |
||
| 500 | _aIncluye un kirigami, para armar. | ||
| 650 |
_aHistoria _9136 |
||
| 650 |
_aEntretenimiento _915681 |
||
| 650 |
_aInfancia _95236 |
||
| 942 |
_2ddc _cLIBROS |
||
| 945 |
_arah _d24/04/2019 |
||